000 nam a22 a 4500
999 _c4482
_d4482
005 20170530141538.0
008 170530q2004 my ||||| |||| 00| 0 may d
040 _aAKMAL
245 1 0 _aBuku Panduan Peluang Pembelajaran Kastam Diraja Malaysia - Universiti Utara Malaysia .
260 _a[Putrajaya] ;
_bJabatan Kastam Diraja Malaysia,
_c[?]
300 _a50 mukasurat:
_c25 cm
610 1 0 _aJabatan Kastam Diraja Malaysia
_9836
610 1 0 _aUniversiti Utara Malaysia
_98688
650 1 0 _aEducation, Higher
_xPlanning
_98689
710 2 _aJabatan Kastam Diraja Malaysia
_9836
942 _2ddc
_cBOOK
950 _lAKMAL